Marketingová komunikácia

Nové média v oblasti marketingovej komunikácie. Príspevok sa zaoberá marketingovou komunikáciou z pohľadu prepojenia na štúdium nových médií a ich využitie. Smery v marketingovej komunikácii - internet, kolektívna inteligencia, sociálne médiá, search engine marketing, sociálne siete, blogy, Wiki sys...

Ausführliche Beschreibung

Gespeichert in:
Bibliographische Detailangaben
1. Verfasser: Rosocha, Ladislav
Weitere Verfasser: Tkáč, Michal, ml., 1984-
Format: Buchkapitel
Sprache:Slowakisch
Schlagworte:
Tags: Tag hinzufügen
Keine Tags, Fügen Sie das erste Tag hinzu!

MARC

LEADER 00000nla a2200000 4500
001 0225257
005 20240502073707.3
041 0 |a slo 
044 |a SK 
245 1 0 |a Marketingová komunikácia  |c Ladislav Rosocha, Michal Tkáč ml. 
520 |a Nové média v oblasti marketingovej komunikácie. Príspevok sa zaoberá marketingovou komunikáciou z pohľadu prepojenia na štúdium nových médií a ich využitie. Smery v marketingovej komunikácii - internet, kolektívna inteligencia, sociálne médiá, search engine marketing, sociálne siete, blogy, Wiki systémy. 
610 2 0 |a komunikácia marketingová 
610 2 0 |a médiá 
610 2 0 |a médiá sociálne 
610 2 0 |a siete sociálne 
100 1 |a Rosocha, Ladislav 
700 1 |a Tkáč, Michal, ml., 1984-